00819nam a22001097a 4500008004100000100001800041245007400059260002300133300003700156520049300193773002300686240425b ||||| |||| 00| 0 eng d aMisra, Salil  aHindi in the Nineteenth century: Literary and political trajectories  aSocial Scientist  a52(1-2), Jan-Feb, 2024: p.3-22  aBipan Chandra gave his first, Presidential address ‘Colonialism and moderniatio, for the modern Indian section of the Indian history congress in 1970, in which he argued that, country to conventional wisdom, the periods when the links between British colonialism and India economy were weakened or disrupted (such as during the two world wars and the depression) were also the periods when a major sport in India’s industrial development took place (Chandra 1979-138). – Reproduced  aSocial Scientist